000 00775nam a2200253Ia 4500
003 OSt
005 20221006145209.0
006 a|||||r|||| 00| 0
007 ta
008 221006b |||||||| |||| 00| 0 eng d
020 _a8170187354
_c480.00
024 _a14,087
037 _cTextual
040 _aEASL
_cEASL
_beng
041 _2eng
_aeng
082 _aG:55.2oj41.N91, N2
100 _aMAHADEVAN Kuttan etc. Ed.
_9653719
245 0 _aEcology, development and population problem
_b Perspectives from India, China and Australia
260 _aDelhi
_bB.R. Publishing corporation India
_c1992
300 _a456p.
_ccm.
650 _aEcology
942 _hG:55.2oj41.N91, N2
_cTEXL
_2CC
999 _c1082173
_d1082173